Soda pop (K-Pop Demon Hunters, Saja Boys) - lyrics - Statistics

General Stats
  • This quiz has been taken 307 times
  • The average score is 169 of 310
Answer Stats
Answer % Correct
so
95%
So
95%
you,
95%
you
95%
You
95%
pop
91%
I
90%
my
90%
My
90%
soda
90%
little
87%
a
84%
up
83%
Every
80%
every
80%
you're
78%
You're
78%
me
77%
drink
74%
can
73%
to
73%
need
72%
think
70%
When
70%
when
70%
of
69%
all
68%
drop
68%
drop,
68%
fill
67%
Don't
61%
dont
61%
want
61%
Yeah
58%
yeah
58%
(yeah)
58%
Hey
57%
hey
57%
go
56%
hot
52%
the
52%
I'm
50%
refreshing
50%
no
49%
stop
49%
that
49%
That
49%
cause
48%
Cause
48%
down
48%
sweet
48%
Got
47%
got
47%
Make
47%
and
46%
And
46%
oh
46%
Taste
46%
taste
46%
in
45%
Cant
44%
cant
44%
it
44%
like
44%
wont
44%
be
43%
empty
42%
hold
42%
more
42%
Take
42%
tonight
42%
Cool
41%
sip
41%
tight
41%
arms
40%
drip
40%
feed
40%
not
40%
bite,
39%
bite
39%
fizz
39%
Pour
39%
pour
39%
wanna
39%
let
38%
another
37%
big
37%
everything
37%
feeling
37%
makes
37%
top
37%
flip
36%
get
35%
could
34%
baby
32%
hit
32%
Just
32%
enough
31%
out
31%
Lookin'
30%
spot
30%
it's
29%
It's
29%
snacks
29%
Gotta
28%
round
28%
second
28%
Come
26%
is
26%
fizzles
25%
for
25%
Til
25%
wait
25%
over
23%
drippin'
22%
long
22%
lot
21%
now
21%
waited
21%
getting
19%
sippin'
19%
done
18%
Ooh
18%
ooh
18%
ah
16%
Yes
11%
ana
10%
Masigo
10%
bwa
9%
bwado
8%
wonhae
8%
Neo
7%
neo
7%
su
7%
algo
6%
chaji
6%
imi
6%
masyeo
6%
nal
6%
nan
6%
Nan
6%
dangjang
5%
itjana
5%
Jigeum
5%
Neon
5%
seonge
5%
doda
4%
geol
4%
Han
4%
malgon
4%
modeun
4%
modu
4%
Neoui
4%
pyeonhae
4%
sigan
4%
Soreum
4%
eopjana
3%
kkok
3%
Kkum
3%
soge
3%
eopseo
2%
mogeume
2%
naekkeoya
2%
Neol
2%
nochil
2%
geuryeowatdeon
1%
jeoldae
1%
No matching quizzes found
Score Distribution
Percent of People with Each Score
Percentile by Number Answered
Your Score History
You have not taken this quiz